000
002690000a22001330004500
005
20120302055147.0
942
_c
BOOK
100
_a
Londhe,Ga.Paa.
245
_a
Kathopanishada
300
_a
78p.
040
_a
SAN
650
_a
Upnishada
650
_a
Kathopanishada
999
_c
347650
_d
347647